[Event "Grand Pacific op"]
[Site "Victoria CAN"]
[Date "2024.03.29"]
[Round "1.1"]
[White "Cheng, Bindi"]
[Black "Harms, Reece"]
[Result "1-0"]
[WhiteElo "2471"]
[BlackElo "1990"]
[PlyCount "97"]
[EventDate "2024.03.29"]
[EventType "swiss"]
[EventRounds "6"]
[EventCountry "CAN"]

1. Nf3 g6 2. c4 Bg7 3. Nc3 Nf6 4. e4 c5 5. d4 cxd4 6. Nxd4 d6 7. Be2 O-O 8. O-O
a6 9. Be3 e6 10. Nb3 Qd7 11. Qd2 Rd8 12. Rfd1 Bf8 13. Bg5 Be7 14. c5 Qc6 15.
Bf3 e5 16. cxd6 Rxd6 17. Nd5 Nxd5 18. Bxe7 Nxe7 19. Qxd6 Qxd6 20. Rxd6 Nbc6 21.
Rc1 Be6 22. Nc5 Bxa2 23. Nxb7 Rb8 24. Rd7 Be6 25. Rc7 Kf8 26. Be2 a5 27. Bc4
Nd4 28. Kf1 Bxc4+ 29. R1xc4 Nec6 30. Nd6 Nd8 31. Rd7 Rxb2 32. g3 Rb1+ 33. Kg2
Rb8 34. f4 N4c6 35. Nxf7 Rb2+ 36. Kh3 Ke8 37. Nxd8 Kxd7 38. Nxc6 exf4 39. gxf4
a4 40. Ne5+ Ke6 41. Rxa4 Rb3+ 42. Kg4 Rb2 43. Ra6+ Ke7 44. Ra7+ Kf6 45. Rxh7
Rg2+ 46. Kf3 Ra2 47. Rh6 Ke7 48. h4 Ra3+ 49. Kg4 1-0

[Event "Grand Pacific op"]
[Site "Victoria CAN"]
[Date "2024.03.30"]
[Round "2.1"]
[White "Mohammed Qanee, Arpak Worya"]
[Black "Cheng, Bindi"]
[Result "1-0"]
[WhiteElo "2080"]
[BlackElo "2471"]
[PlyCount "121"]
[EventDate "2024.03.29"]
[EventType "swiss"]
[EventRounds "6"]
[EventCountry "CAN"]

1. e4 c5 2. Nf3 d6 3. d4 cxd4 4. Nxd4 Nf6 5. Nc3 a6 6. Bc4 e6 7. Bb3 b5 8. Qe2
Be7 9. O-O Qb6 10. Be3 Qb7 11. f3 O-O 12. Rad1 Nbd7 13. g4 Nc5 14. g5 Nfd7 15.
h4 b4 16. Nb1 Nb6 17. Rf2 a5 18. c4 Nxb3 19. axb3 Bd7 20. Nd2 g6 21. Nc2 a4 22.
Nxb4 axb3 23. Nd3 Rfc8 24. Rc1 Ra2 25. Rc3 Qc7 26. Bxb6 Qxb6 27. Rxb3 Qa7 28.
Kg2 Bf8 29. Nb4 Ra4 30. Nc2 Bg7 31. Qd3 d5 32. cxd5 exd5 33. Ne3 Rd4 34. Qe2
Re8 35. Qf1 Qa2 36. Rb7 Bc8 37. Qb5 Rf8 38. Qb3 Qa8 39. Rb4 dxe4 40. Nxe4 Be6
41. Qa3 Qxa3 42. bxa3 Rd3 43. Ng4 Rxa3 44. Ngf6+ Kh8 45. Rfb2 Rd8 46. Rb8 Ra8
47. Rxa8 Rxa8 48. Kg3 Bf8 49. h5 gxh5 50. Rh2 Bf5 51. Rxh5 Bb4 52. Nxh7 Kg7 53.
Nhf6 Ra2 54. Kf4 Bg6 55. Ne8+ Kg8 56. N4f6+ Kf8 57. Rh8+ Ke7 58. Nd5+ Ke6 59.
Nxb4 Ra4 60. Nc7+ Kd7 61. Ncd5 1-0

[Event "Grand Pacific op"]
[Site "Victoria CAN"]
[Date "2024.03.31"]
[Round "4.4"]
[White "Chen, Yidong"]
[Black "Cheng, Bindi"]
[Result "0-1"]
[WhiteElo "1913"]
[BlackElo "2471"]
[PlyCount "120"]
[EventDate "2024.03.29"]
[EventType "swiss"]
[EventRounds "6"]
[EventCountry "CAN"]

1. e4 c5 2. Nf3 e6 3. d4 cxd4 4. Nxd4 a6 5. Bd3 Qc7 6. O-O Nf6 7. Qe2 d6 8. c4
Nc6 9. Nxc6 bxc6 10. Nc3 Be7 11. f4 Nd7 12. Be3 O-O 13. g4 Re8 14. g5 Bb7 15.
Rac1 Bf8 16. Bb1 g6 17. Qf2 Bg7 18. Rfd1 Rad8 19. b4 c5 20. bxc5 Bxc3 21. Rxc3
Nxc5 22. Bxc5 dxc5 23. Rxd8 Rxd8 24. Rd3 Rxd3 25. Bxd3 Qd6 26. Bc2 e5 27. fxe5
Qxe5 28. Qf6 Qc7 29. Kf1 Bc8 30. Bd3 Be6 31. Be2 Qd6 32. Ke1 Qb6 33. a3 Kf8 34.
Qe5 Kg8 35. Kf2 Qc6 36. Qb8+ Kg7 37. Qe5+ Kf8 38. Ke3 Qb6 39. Kf2 Kg8 40. Kg2
Qb7 41. Kf2 Qc8 42. Qd6 h5 43. gxh6 Kh7 44. Qe5 Kxh6 45. Qf6 Kh7 46. h4 Qb7 47.
Qe5 Qe7 48. Qf4 f6 49. h5 g5 50. Qb8 Bf7 51. Qa8 Qd6 52. Qb7 Kg8 53. Qc8+ Kg7
54. Qb7 Qf4+ 55. Ke1 g4 56. Qd7 g3 57. h6+ Qxh6 58. Qg4+ Qg6 59. Qxg6+ Kxg6 60.
Kf1 Kg5 0-1

[Event "Grand Pacific op"]
[Site "Victoria CAN"]
[Date "2024.03.31"]
[Round "5.3"]
[White "Cheng, Bindi"]
[Black "Malek, Omid"]
[Result "1/2-1/2"]
[WhiteElo "2471"]
[BlackElo "2202"]
[PlyCount "140"]
[EventDate "2024.03.29"]
[EventType "swiss"]
[EventRounds "6"]
[EventCountry "CAN"]

1. Nf3 Nf6 2. g3 b6 3. Bg2 Bb7 4. O-O e6 5. c4 Be7 6. Nc3 O-O 7. Re1 Ne4 8.
Nxe4 Bxe4 9. d3 Bb7 10. e4 d6 11. d4 Nd7 12. b3 Re8 13. Bb2 e5 14. d5 a5 15. a3
Bc8 16. Qc2 Nc5 17. b4 Nb7 18. Rf1 Bg4 19. Ne1 axb4 20. axb4 Rxa1 21. Bxa1 Bf6
22. Nd3 Qe7 23. Qa2 h5 24. Rc1 h4 25. Bc3 h3 26. Bh1 Bg5 27. Re1 Bc8 28. Qe2
Nd8 29. Bf3 Qd7 30. Ra1 Rf8 31. Ra7 f6 32. c5 bxc5 33. bxc5 Nf7 34. c6 Qe7 35.
Ba5 f5 36. Bxc7 Qf6 37. Ra8 Nh6 38. exf5 Nxf5 39. Bb6 Nh6 40. Be4 g6 41. Qa2
Ng4 42. Qa7 Bh6 43. Ne1 Qg5 44. Qa1 Nxf2 45. Rxc8 Rxc8 46. Bxf2 Rf8 47. Nd3 Qg4
48. Qe1 Ra8 49. c7 Rc8 50. Bb6 Ra8 51. Nf2 Qh5 52. Bf3 Qxf3 53. Nxh3 Qxd5 54.
Nf2 Qc6 55. Qb1 Kh7 56. h4 Qc3 57. Kh2 Qf3 58. Qb5 Qf5 59. Qc6 Rc8 60. Qxd6 Bf8
61. Qd5 Rxc7 62. Bxc7 Qxf2+ 63. Kh3 Qf5+ 64. g4 Qf1+ 65. Qg2 Qf4 66. Qe2 Bg7
67. Bb6 e4 68. Be3 Qf7 69. Qg2 Qe6 70. Qe2 Qe5 1/2-1/2

[Event "Grand Pacific op"]
[Site "Victoria CAN"]
[Date "2024.04.01"]
[Round "6.1"]
[White "Cheng, Bindi"]
[Black "Adriaanse, Adam"]
[Result "1-0"]
[WhiteElo "2471"]
[BlackElo "2169"]
[PlyCount "67"]
[EventDate "2024.03.29"]
[EventType "swiss"]
[EventRounds "6"]
[EventCountry "CAN"]

1. Nf3 Nf6 2. c4 e6 3. g3 b6 4. Bg2 Bb7 5. O-O Be7 6. Nc3 O-O 7. Re1 Ne4 8.
Nxe4 Bxe4 9. d3 Bb7 10. e4 d5 11. exd5 exd5 12. Bf4 Re8 13. Nd4 Na6 14. Nf5 Bf6
15. Rxe8+ Qxe8 16. d4 Rd8 17. Ne3 c5 18. Nxd5 Bxd4 19. Qd2 Qd7 20. Re1 Re8 21.
Nxb6 Rxe1+ 22. Qxe1 axb6 23. Bxb7 Nb4 24. Be4 Qe6 25. Qb1 Qxc4 26. a3 Na2 27.
Bxh7+ Kh8 28. Bd3 Qb3 29. Qf1 Kg8 30. Qe2 Qa4 31. Bb1 g5 32. Bxg5 Qb3 33. Bh6
Bxf2+ 34. Kxf2 1-0

[Event "British Columbia op"]
[Site "Burnaby CAN"]
[Date "2024.02.17"]
[Round "1.1"]
[White "Gao, Justin"]
[Black "Cheng, Bindi"]
[Result "0-1"]
[WhiteElo "1891"]
[BlackElo "2470"]
[PlyCount "115"]
[EventDate "2024.02.17"]
[EventType "swiss"]
[EventRounds "6"]
[EventCountry "CAN"]

1. e4 c5 2. Nc3 Nc6 3. f4 g6 4. Nf3 Bg7 5. Bc4 e6 6. O-O Nge7 7. d3 O-O 8. Qe1
d5 9. Bb3 Nd4 10. Nxd4 cxd4 11. Ne2 dxe4 12. dxe4 Nc6 13. Qg3 Na5 14. Bd2 Nxb3
15. axb3 Bd7 16. Ba5 Qe7 17. Qd3 Qc5 18. Kh1 b6 19. Be1 Bb5 20. Qd2 Rfd8 21.
Rf3 Bc6 22. Ng3 h5 23. b4 Qe7 24. Qe2 Qd7 25. Rfa3 f5 26. e5 a6 27. Nf1 Bb5 28.
Qf2 Rac8 29. Rg3 Kf7 30. c3 dxc3 31. bxc3 Bh6 32. Ne3 Qb7 33. Nc2 Qe4 34. Rf3
Rd3 35. Bd2 Ra8 36. Nd4 Bc4 37. Re1 Rxf3 38. Nxf3 Qc6 39. Be3 a5 40. Bxb6 a4
41. Bc5 a3 42. Qh4 Qe8 43. Qf6+ Kg8 44. Nd2 Bd5 45. c4 Bb7 46. b5 Bxf4 47. Nb3
Qf7 48. Qxf7+ Kxf7 49. Bd4 Ra4 50. Ra1 Rxc4 51. Rxa3 Bd5 52. Bc5 Rc3 53. Ra7+
Kg8 54. b6 Rxb3 55. Kg1 Rb1+ 56. Kf2 Rb2+ 57. Ke1 Bxe5 58. Ra1 0-1

[Event "British Columbia op"]
[Site "Burnaby CAN"]
[Date "2024.02.17"]
[Round "2.1"]
[White "Cheng, Bindi"]
[Black "Yang, Henry"]
[Result "1-0"]
[WhiteElo "2470"]
[BlackElo "1990"]
[PlyCount "55"]
[EventDate "2024.02.17"]
[EventType "swiss"]
[EventRounds "6"]
[EventCountry "CAN"]

1. Nf3 Nf6 2. c4 e6 3. g3 d5 4. Bg2 Be7 5. O-O O-O 6. d4 dxc4 7. Qc2 a6 8. Qxc4
b5 9. Qc2 Bb7 10. Bd2 Nbd7 11. Ba5 Rc8 12. Nbd2 Qe8 13. b4 Bd6 14. Rfe1 Qe7 15.
a3 Rfe8 16. Rac1 e5 17. e4 g6 18. Bh3 c6 19. dxe5 Bxe5 20. Nxe5 Qxe5 21. Qd3
Qe7 22. f4 c5 23. e5 Nd5 24. Ne4 cxb4 25. Nd6 Rxc1 26. Rxc1 Nxe5 27. fxe5 Qg5
28. Rf1 1-0

[Event "British Columbia op"]
[Site "Burnaby CAN"]
[Date "2024.02.18"]
[Round "4.1"]
[White "Cheng, Bindi"]
[Black "Danilenko, Dmitriy"]
[Result "1-0"]
[WhiteElo "2470"]
[BlackElo "2401"]
[PlyCount "161"]
[EventDate "2024.02.17"]
[EventType "swiss"]
[EventRounds "6"]
[EventCountry "CAN"]

1. Nf3 d5 2. c4 c6 3. g3 Nf6 4. Bg2 dxc4 5. O-O Nbd7 6. Qc2 Nb6 7. Na3 Be6 8.
Ne5 h5 9. Naxc4 Nxc4 10. Nxc4 h4 11. Ne5 hxg3 12. hxg3 Qd4 13. Bxc6+ Kd8 14.
Nf3 Qd6 15. Bxb7 Rb8 16. Be4 Rc8 17. Qd3 Nxe4 18. Qxe4 Bd5 19. Qg4 g5 20. d3
Rc2 21. Bxg5 Rxe2 22. Nh4 Qe6 23. Qb4 Qb6 24. Qxb6+ axb6 25. Be3 Bg7 26. Bxb6+
Kd7 27. a4 Bxb2 28. Rae1 Rc2 29. a5 Rc6 30. f3 Ra8 31. Nf5 Be6 32. Ne3 Bc3 33.
Rc1 Bxa5 34. Rxc6 Kxc6 35. Bxa5 Rxa5 36. Rc1+ Kd7 37. Kf2 Bb3 38. f4 Ra2+ 39.
Kf3 Ba4 40. Ke4 Bc6+ 41. Kd4 f6 42. Rc2 Ra1 43. Rh2 Ra4+ 44. Nc4 Ra1 45. Ne3
Ra4+ 46. Kc5 Ra5+ 47. Kb4 Ra4+ 48. Kb3 Ra1 49. Rh7 Re1 50. Nf5 Ke8 51. Kc3 Bd7
52. Kd2 Rg1 53. Nxe7 Rxg3 54. Nd5 Bf5 55. Rh8+ Kf7 56. Ne3 Bd7 57. Rh7+ Ke8 58.
Nd5 Bf5 59. Nxf6+ Kd8 60. Rh8+ Ke7 61. Ne4 Rg1 62. Rh5 Ke6 63. Rg5 Ra1 64. Ng3
Bh3 65. Rh5 Bg2 66. Rh6+ Kf7 67. f5 Kg7 68. Rg6+ Kf7 69. Ne4 Ra5 70. Rf6+ Ke7
71. Re6+ Kf8 72. Nd6 Bd5 73. Re5 Ra2+ 74. Ke3 Bb3 75. f6 Ra8 76. f7 Ba4 77.
Re8+ Bxe8 78. fxe8=Q+ Rxe8+ 79. Nxe8 Kxe8 80. Kd4 Kd8 81. Kd5 1-0

[Event "British Columbia op"]
[Site "Burnaby CAN"]
[Date "2024.02.19"]
[Round "5.1"]
[White "Wang, Dongkai (Harry)"]
[Black "Cheng, Bindi"]
[Result "0-1"]
[WhiteElo "1919"]
[BlackElo "2470"]
[PlyCount "90"]
[EventDate "2024.02.17"]
[EventType "swiss"]
[EventRounds "6"]
[EventCountry "CAN"]

1. d4 Nf6 2. c4 c5 3. d5 e6 4. Nc3 exd5 5. cxd5 d6 6. e4 g6 7. Nf3 a6 8. a4 Bg4
9. h3 Bxf3 10. Qxf3 Bg7 11. Bf4 O-O 12. Bd3 Ne8 13. O-O Nd7 14. Qe2 Rb8 15. a5
Ne5 16. Bh2 Nc7 17. f4 Nxd3 18. Qxd3 b5 19. e5 dxe5 20. fxe5 b4 21. Ne4 Qxd5
22. Qxd5 Nxd5 23. Nxc5 Rb5 24. Rfc1 Bh6 25. Nb3 Bxc1 26. Rxc1 g5 27. Rc6 Ra8
28. e6 fxe6 29. Rxe6 Kf7 30. Rc6 Nf4 31. Bxf4 gxf4 32. Rc4 Rd8 33. Rxf4+ Kg8
34. Rf3 Rd1+ 35. Kh2 Rb1 36. Rf2 Rd5 37. Rf4 Rxb2 38. Rxb4 Rg5 39. h4 Rgxg2+
40. Kh3 Rgc2 41. Kg4 Rc3 42. Rb8+ Kf7 43. Rb7+ Ke8 44. Rb8+ Ke7 45. Rb7+ Kd8
0-1

[Event "British Columbia op"]
[Site "Burnaby CAN"]
[Date "2024.02.19"]
[Round "6.1"]
[White "Cheng, Bindi"]
[Black "Jiang, Kate"]
[Result "1/2-1/2"]
[WhiteElo "2470"]
[BlackElo "2093"]
[PlyCount "39"]
[EventDate "2024.02.17"]
[EventType "swiss"]
[EventRounds "6"]
[EventCountry "CAN"]

1. Nf3 d5 2. g3 Nf6 3. Bg2 c5 4. O-O Nc6 5. d4 e6 6. c4 Be7 7. cxd5 exd5 8. Nc3
O-O 9. dxc5 Bxc5 10. a3 h6 11. b4 Bb6 12. Bb2 Be6 13. Na4 Ne4 14. Nxb6 Qxb6 15.
Nd4 Bd7 16. Nxc6 Bxc6 17. Qd4 Qxd4 18. Bxd4 a5 19. e3 Rfc8 20. Rfd1 1/2-1/2

[Event "British Columbia-Washington m A"]
[Site "Victoria CAN"]
[Date "2017.01.13"]
[Round "1.1"]
[White "Cheng, Bindi"]
[Black "Bragg, David"]
[Result "1-0"]
[WhiteElo "2490"]
[BlackElo "2280"]
[PlyCount "61"]
[EventDate "2017.01.13"]
[EventType "schev"]
[EventRounds "5"]
[EventCountry "CAN"]
[WhiteTeam "BC A"]
[BlackTeam "WA A"]

1. Nf3 d6 2. c4 e5 3. Nc3 Be6 4. d4 Nd7 5. d5 Bg4 6. g3 Bxf3 7. exf3 g6 8. h4
Nh6 9. g4 f5 10. Bg5 Qc8 11. Bh3 fxg4 12. fxg4 Nf7 13. Be3 g5 14. Ne4 Be7 15.
hxg5 Qd8 16. Bg2 Nf8 17. Qb3 b6 18. O-O-O a6 19. f4 exf4 20. Bd4 Ne5 21. Bxe5
dxe5 22. d6 cxd6 23. g6 Nxg6 24. c5 Rc8 25. Kb1 bxc5 26. Qe6 Kf8 27. Nxd6 Bxd6
28. Rxd6 Qe8 29. Qf5+ Kg7 30. Qf6+ Kg8 31. Bd5+ 1-0

[Event "British Columbia-Washington m A"]
[Site "Victoria CAN"]
[Date "2017.01.14"]
[Round "2.1"]
[White "Cheng, Bindi"]
[Black "Tiglon, Bryce"]
[Result "1/2-1/2"]
[WhiteElo "2490"]
[BlackElo "2408"]
[PlyCount "106"]
[EventDate "2017.01.13"]
[EventType "schev"]
[EventRounds "5"]
[EventCountry "CAN"]
[WhiteTeam "BC A"]
[BlackTeam "WA A"]

1. Nf3 Nf6 2. c4 g6 3. Nc3 d5 4. cxd5 Nxd5 5. Qb3 Nb6 6. d4 Bg7 7. Bf4 Be6 8.
Qa3 O-O 9. e3 Nc6 10. Rc1 Nd5 11. Nxd5 Bxd5 12. Be2 e5 13. dxe5 Bxf3 14. Bxf3
Nxe5 15. Be2 Qd5 16. O-O Qd2 17. Bb5 Nc6 18. Bxc6 Bxb2 19. Rcd1 Bxa3 20. Rxd2
bxc6 21. Rd3 Bd6 22. Bxd6 Rfd8 23. Rc1 cxd6 24. Rxc6 Rab8 25. g4 Rb4 26. h3 Ra4
27. a3 Rd7 28. Kg2 Kg7 29. Kg3 d5 30. g5 h6 31. h4 hxg5 32. hxg5 Kf8 33. f4 Ke7
34. Kf3 Rd6 35. Rc7+ Ke6 36. Rb3 Rd7 37. Rc8 f6 38. gxf6 Kxf6 39. Rc6+ Kf7 40.
Kg4 Rc4 41. Ra6 d4 42. Rd3 Kg7 43. a4 Re7 44. exd4 Rd7 45. d5 Rf7 46. Kg3 Rfxf4
47. Rxa7+ Kf6 48. Ra6+ Kf5 49. Ra8 Rxa4 50. Rf8+ Kg5 51. Re8 Rae4 52. Rxe4 Rxe4
53. d6 Re8 1/2-1/2

[Event "British Columbia-Washington m A"]
[Site "Victoria CAN"]
[Date "2017.01.14"]
[Round "3.1"]
[White "Collyer, Curt"]
[Black "Cheng, Bindi"]
[Result "1-0"]
[WhiteElo "2293"]
[BlackElo "2490"]
[PlyCount "89"]
[EventDate "2017.01.13"]
[EventType "schev"]
[EventRounds "5"]
[EventCountry "CAN"]
[WhiteTeam "WA A"]
[BlackTeam "BC A"]

1. Nf3 Nf6 2. c4 c5 3. b3 g6 4. Bb2 Bg7 5. g3 O-O 6. Bg2 Nc6 7. O-O d6 8. Nc3
Bf5 9. d3 Qd7 10. Re1 Rab8 11. Qd2 e5 12. Ng5 h6 13. Nge4 Ne8 14. Nd5 Be6 15.
Nec3 a6 16. Nb6 Qd8 17. Ncd5 f5 18. e3 Kh7 19. d4 e4 20. f3 exf3 21. Bxf3 Nf6
22. Nxf6+ Qxf6 23. Rad1 Rbd8 24. Ba1 Qe7 25. d5 Ne5 26. Bxe5 dxe5 27. d6 Qf7
28. Qa5 f4 29. gxf4 exf4 30. Qxc5 fxe3 31. Rxe3 Bh3 32. Red3 Qe6 33. Qd5 Qf6
34. c5 Qh4 35. Qe4 Qg5+ 36. Kh1 Rde8 37. Qxb7 Qh4 38. Rg1 Re1 39. Rd1 Rxd1 40.
Rxd1 Qf2 41. Bg2 Rf7 42. Qd5 Rf5 43. Qb7 Rf7 44. d7 Bg4 45. Rf1 1-0

[Event "British Columbia-Washington m A"]
[Site "Victoria CAN"]
[Date "2017.01.15"]
[Round "4.1"]
[White "Cheng, Bindi"]
[Black "Sinanan, Joshua"]
[Result "1-0"]
[WhiteElo "2490"]
[BlackElo "2264"]
[PlyCount "91"]
[EventDate "2017.01.13"]
[EventType "schev"]
[EventRounds "5"]
[EventCountry "CAN"]
[WhiteTeam "BC A"]
[BlackTeam "WA A"]

1. Nf3 Nf6 2. c4 e6 3. g3 d5 4. Bg2 Be7 5. O-O O-O 6. d4 dxc4 7. Qc2 a6 8. Qxc4
b5 9. Qc2 Bb7 10. Bd2 Be4 11. Qc1 Nc6 12. Be3 Rc8 13. Rd1 Nd5 14. Nc3 Nxc3 15.
Qxc3 Nb4 16. a3 Nd5 17. Qc1 Nxe3 18. Qxe3 Qd5 19. b4 Rfd8 20. Rac1 Qb7 21. Rc3
Bf6 22. Qc1 Rd7 23. Ne5 Bxe5 24. Bxe4 Qxe4 25. Re3 Qb7 26. Rxe5 Rd5 27. Qf4
Rcd8 28. Rxd5 Rxd5 29. Rc1 Rd6 30. Rc5 h6 31. h4 Qb8 32. e3 Qd8 33. Qe4 Rd5 34.
Rc6 Rd6 35. Rc3 Qb8 36. Qc2 Rd7 37. Rc6 Qb7 38. Kf1 e5 39. dxe5 Rd2 40. Qc5 Qc8
41. e6 Qe8 42. e7 Qd7 43. Rxc7 Qd3+ 44. Kg1 Rd1+ 45. Kh2 Qe4 46. f3 1-0

[Event "British Columbia-Washington m A"]
[Site "Victoria CAN"]
[Date "2017.01.15"]
[Round "5.1"]
[White "He, Anthony B."]
[Black "Cheng, Bindi"]
[Result "0-1"]
[WhiteElo "2248"]
[BlackElo "2490"]
[PlyCount "156"]
[EventDate "2017.01.13"]
[EventType "schev"]
[EventRounds "5"]
[EventCountry "CAN"]
[WhiteTeam "WA A"]
[BlackTeam "BC A"]

1. e4 c5 2. Nf3 d6 3. d4 cxd4 4. Nxd4 Nf6 5. Nc3 a6 6. Bg5 Nbd7 7. f4 Qc7 8.
Bd3 h6 9. Bh4 Qb6 10. Nb3 Qe3+ 11. Qe2 Qxf4 12. Bg3 Qg5 13. Nd5 Nxd5 14. exd5
Qxd5 15. Bc4 Qg5 16. Bxd6 Nf6 17. O-O Qg4 18. Bf4 Qxe2 19. Bxe2 Bg4 20. Bd3 Bd7
21. Na5 b5 22. c4 e6 23. Nb7 bxc4 24. Bxc4 Bb5 25. Rfc1 Bxc4 26. Rxc4 Nd5 27.
Bg3 Be7 28. Rac1 O-O 29. Rc6 Ra7 30. Nd6 Bf6 31. Rc8 Bxb2 32. Rxf8+ Kxf8 33.
Rc8+ Ke7 34. Rb8 Bd4+ 35. Kf1 Kf6 36. Ke2 e5 37. Ne8+ Kg6 38. Kd3 Nc7 39. Nd6
Nb5 40. Nc4 Rd7 41. Ra8 Nc7 42. Rc8 f6 43. a4 Ne6 44. a5 Rc7 45. Rxc7 Nxc7 46.
Nd2 Kf7 47. Nb3 Bg1 48. Kc4 Ke6 49. Nc5+ Kd6 50. Ne4+ Kc6 51. Nc3 Bd4 52. Ne2
Bc5 53. Nc3 Be3 54. Ne4 Nb5 55. Be1 f5 56. Ng3 g6 57. Bb4 Nd6+ 58. Kd3 Bc5 59.
Bd2 h5 60. Ne2 Ne4 61. Be1 Kd5 62. h3 Bd4 63. Bh4 Bf2 64. Nc3+ Nxc3 65. Bxf2
Ne4 66. Bb6 g5 67. Bd8 f4 68. Be7 g4 69. hxg4 hxg4 70. Bd8 Nc5+ 71. Ke2 Ke4 72.
Bb6 Nb3 73. Kf2 Nd4 74. Bc7 Ne6 75. Bb6 Kd3 76. Ke1 e4 77. Bf2 e3 78. Bh4 Nd4
0-1

[Event "Grand PacIfIc op"]
[Site "Victoria CAN"]
[Date "2015.04.03"]
[Round "1.1"]
[White "Cheng, Bindi"]
[Black "Lister, Curtis"]
[Result "1-0"]
[WhiteElo "2495"]
[BlackElo "1968"]
[PlyCount "59"]
[EventDate "2015.04.03"]
[EventType "swiss"]
[EventRounds "6"]
[EventCountry "CAN"]

1. Nf3 d5 2. g3 Nf6 3. Bg2 g6 4. c4 c6 5. b3 Bg7 6. Bb2 O-O 7. O-O Bf5 8. d3
Qc8 9. Nbd2 Bh3 10. Rc1 Bxg2 11. Kxg2 Qd8 12. Qc2 Na6 13. a3 Rc8 14. b4 Nc7 15.
Rfe1 Re8 16. Nb3 Ne6 17. Rcd1 Nh5 18. Bxg7 Nexg7 19. e4 e6 20. Qc1 f5 21. Qh6
g5 22. Nxg5 Qf6 23. Qxh7+ Kf8 24. Qxh5 Nxh5 25. Nh7+ Kg7 26. Nxf6 Kxf6 27. exf5
Kxf5 28. f4 e5 29. fxe5 Rxe5 30. g4+ 1-0

[Event "Grand PacIfIc op"]
[Site "Victoria CAN"]
[Date "2015.04.04"]
[Round "2.1"]
[White "Kalisvaart, Peter"]
[Black "Cheng, Bindi"]
[Result "1/2-1/2"]
[WhiteElo "2046"]
[BlackElo "2495"]
[PlyCount "95"]
[EventDate "2015.04.03"]
[EventType "swiss"]
[EventRounds "6"]
[EventCountry "CAN"]

1. d4 Nf6 2. Bg5 Ne4 3. h4 c5 4. dxc5 Qa5+ 5. Nd2 Nxg5 6. hxg5 g6 7. Rh4 Nc6 8.
Rc4 b6 9. cxb6 Qxb6 10. Rb1 Bg7 11. c3 O-O 12. e4 a5 13. Ngf3 Bb7 14. Be2 e6
15. Kf1 Qa7 16. Ra4 Rfd8 17. b4 Bxc3 18. b5 Ne7 19. Qb3 Bb4 20. a3 Bc5 21. b6
Qb8 22. Qc3 Rc8 23. Rxa5 Rxa5 24. Qxa5 d6 25. a4 e5 26. Bc4 d5 27. exd5 Nxd5
28. Bxd5 Bxd5 29. Rc1 Qd6 30. Qb5 Bb7 31. Nb3 Bxb6 32. Rxc8+ Bxc8 33. Qe8+ Kg7
34. Qxe5+ Qxe5 35. Nxe5 f6 36. gxf6+ Kxf6 37. a5 Ba6+ 38. Kg1 Bxf2+ 39. Kxf2
Kxe5 40. Nc5 Bb5 41. Ke3 Bc6 42. g3 h5 43. Nd3+ Kf5 44. a6 Ba8 45. a7 g5 46.
Kf2 h4 47. gxh4 gxh4 48. Kg1 1/2-1/2

[Event "Grand PacIfIc op"]
[Site "Victoria CAN"]
[Date "2015.04.04"]
[Round "3.3"]
[White "Cheng, Bindi"]
[Black "Kenney, Jason"]
[Result "1-0"]
[WhiteElo "2495"]
[BlackElo "2130"]
[PlyCount "57"]
[EventDate "2015.04.03"]
[EventType "swiss"]
[EventRounds "6"]
[EventCountry "CAN"]

1. Nf3 Nf6 2. g3 d5 3. Bg2 e6 4. O-O Be7 5. c4 O-O 6. d4 c5 7. cxd5 exd5 8. Nc3
Nc6 9. dxc5 Bxc5 10. a3 h6 11. b4 Be7 12. Bb2 Be6 13. Nd4 Qd7 14. Rc1 Rfd8 15.
Nxe6 Qxe6 16. e3 Ne4 17. Qc2 Nxc3 18. Bxc3 Bf6 19. Bxf6 Qxf6 20. Rfd1 Rac8 21.
Qa4 Ne5 22. Rxc8 Rxc8 23. Bxd5 Ng4 24. Rf1 h5 25. h3 Ne5 26. Bxb7 Rc7 27. Bg2
h4 28. g4 Nc4 29. Rc1 1-0

[Event "Grand PacIfIc op"]
[Site "Victoria CAN"]
[Date "2015.04.05"]
[Round "4.2"]
[White "Sohal, Tanraj"]
[Black "Cheng, Bindi"]
[Result "1/2-1/2"]
[WhiteElo "2331"]
[BlackElo "2495"]
[PlyCount "52"]
[EventDate "2015.04.03"]
[EventType "swiss"]
[EventRounds "6"]
[EventCountry "CAN"]

1. d4 Nf6 2. c4 c6 3. Nc3 d5 4. cxd5 cxd5 5. Bf4 a6 6. e3 e6 7. Rc1 Be7 8. Bd3
O-O 9. h3 b5 10. Nf3 Bb7 11. O-O Nbd7 12. Ne5 Rc8 13. a4 b4 14. Na2 Nxe5 15.
Rxc8 Qxc8 16. Bxe5 Nd7 17. Bg3 Nb8 18. Qe2 Nc6 19. b3 Qa8 20. Bc7 Qa7 21. a5
Rc8 22. Bb6 Qa8 23. Rc1 g6 24. f4 Kg7 25. Qd2 Qb8 26. Qe2 Qa8 1/2-1/2

[Event "Grand PacIfIc op"]
[Site "Victoria CAN"]
[Date "2015.04.05"]
[Round "5.3"]
[White "Cheng, Bindi"]
[Black "Moore, Harry"]
[Result "1/2-1/2"]
[WhiteElo "2495"]
[BlackElo "2174"]
[PlyCount "74"]
[EventDate "2015.04.03"]
[EventType "swiss"]
[EventRounds "6"]
[EventCountry "CAN"]

1. Nf3 Nf6 2. g3 g6 3. Bg2 Bg7 4. O-O O-O 5. d4 d6 6. a4 a5 7. Nbd2 Nc6 8. e4
Nd7 9. Nc4 e5 10. Bg5 Qe8 11. c3 exd4 12. Nxd4 Nc5 13. Nb5 Ne6 14. Bc1 Na7 15.
Nxa7 Rxa7 16. Ne3 Ra8 17. Nd5 Qd8 18. Be3 Bd7 19. f4 Bc6 20. f5 Bxd5 21. Qxd5
c6 22. Qb3 Nc5 23. Bxc5 dxc5 24. Qxb7 Rb8 25. Qxc6 Rxb2 26. f6 Qd2 27. e5 Bh6
28. Kh1 Qxc3 29. Rae1 Qc2 30. e6 fxe6 31. Rxe6 Kh8 32. Re7 c4 33. h4 c3 34. g4
Qd3 35. g5 Qg3 36. gxh6 Qxh4+ 37. Kg1 Qd4+ 1/2-1/2

[Event "Grand PacIfIc op"]
[Site "Victoria CAN"]
[Date "2015.04.06"]
[Round "6.3"]
[White "Wu, Ruining (Ray)"]
[Black "Cheng, Bindi"]
[Result "1/2-1/2"]
[WhiteElo "2106"]
[BlackElo "2495"]
[PlyCount "94"]
[EventDate "2015.04.03"]
[EventType "swiss"]
[EventRounds "6"]
[EventCountry "CAN"]

1. d4 Nf6 2. c4 c5 3. d5 e6 4. Nc3 exd5 5. cxd5 d6 6. Nf3 g6 7. g3 Bg7 8. Bg2
O-O 9. O-O a6 10. a4 Re8 11. Bf4 Nh5 12. Bg5 f6 13. Bc1 f5 14. Ng5 Nf6 15. h4
h6 16. Nh3 Nbd7 17. Nf4 Ne5 18. Rb1 Bd7 19. b4 c4 20. Be3 Rb8 21. Ba7 Rc8 22.
Bd4 Qe7 23. Qc2 Qf7 24. Rbd1 Re7 25. e4 fxe4 26. Nxe4 Bf5 27. Nxf6+ Bxf6 28.
Qc3 Bg7 29. Rfe1 Nd3 30. Rxe7 Qxe7 31. Ne6 Bxd4 32. Nxd4 Qe5 33. b5 axb5 34.
Nxb5 Qxc3 35. Nxc3 Nc5 36. Bf1 Ne4 37. Rc1 Nxc3 38. Rxc3 Bd7 39. a5 Bb5 40. Rc2
Ba6 41. f4 Rc5 42. Kf2 Kf7 43. Ke3 h5 44. Kd4 Rxa5 45. Bxc4 Ra4 46. Kd3 Rxc4
47. Rxc4 Kf6 1/2-1/2

[Event "Dearborn Fall op"]
[Site "Dearborn USA"]
[Date "2013.10.27"]
[Round "8"]
[White "Cheng, Bindi"]
[Black "Lenderman, Alex"]
[Result "0-1"]
[WhiteElo "2442"]
[BlackElo "2539"]
[PlyCount "46"]
[EventDate "2013.10.23"]
[EventType "swiss"]
[EventRounds "9"]
[EventCountry "USA"]
[Source "ChessBase"]
[SourceDate "2014.11.20"]

1. Nf3 d6 2. d4 g6 3. c4 Bg7 4. Nc3 Bg4 5. g3 Bxf3 6. exf3 e6 7. d5 exd5 8.
cxd5 Ne7 9. Bh3 O-O 10. O-O Nd7 11. Bg5 h6 12. Be3 Re8 13. Qb3 Nb6 14. a4 c6
15. dxc6 bxc6 16. Rad1 Rb8 17. Qc2 Nc4 18. Bc1 Qb6 19. Rfe1 Kf8 20. Re2 Qb3 21.
Qd3 Nd5 22. Rde1 Ne5 23. Qe4 Rb4 0-1

[Event "Continental Class"]
[Site "Arlington USA"]
[Date "2013.10.10"]
[Round "2.1"]
[White "Rakhmanov, Alexander"]
[Black "Cheng, Bindi"]
[Result "1-0"]
[WhiteElo "2603"]
[BlackElo "2442"]
[PlyCount "77"]
[EventDate "2013.10.09"]
[EventType "swiss"]
[EventRounds "9"]
[EventCountry "USA"]
[Source "Mark Crowther"]
[SourceDate "2013.10.14"]

1. e4 c5 2. Nf3 d6 3. c3 Nf6 4. Bd3 g6 5. h3 Bg7 6. O-O O-O 7. Bc2 Nc6 8. d4
cxd4 9. cxd4 d5 10. e5 Ne4 11. Nc3 Bf5 12. Re1 Nxc3 13. bxc3 Bxc2 14. Qxc2 Rc8
15. h4 Qb6 16. Be3 Nd8 17. Rab1 Qc6 18. Bd2 b6 19. h5 Ne6 20. Rb4 Rc7 21. Qd3
Rfc8 22. g3 Qd7 23. hxg6 hxg6 24. Kg2 Nf8 25. Nh4 Rc4 26. Rbb1 Ra4 27. Rb2 Ra3
28. Rh1 Rc4 29. Qb1 Rca4 30. Qc1 Qc8 31. Nf3 Ne6 32. Rh2 Rxa2 33. Rxa2 Rxa2 34.
Bh6 Bh8 35. Qh1 g5 36. Bxg5 Bg7 37. Qb1 Nxg5 38. Nxg5 Re2 39. Rh8+ 1-0